Wszyscy mistrzowie Serie A - Statystyki

Ogólne statystyki
  • Ten quiz został rozwiązany 36 razy
  • Średni wynik to 9 z 17
Statystyki odpowiedzi
Podpowiedź Klub % Poprawnych
20 Inter
100%
19 AC Milan
94%
38 Juventus
94%
3 Napoli
94%
3 AS Roma
84%
2 Lazio
77%
7 Torino
71%
2 Fiorentina
61%
7 Bologna
58%
9 Genoa
52%
1 Sampdoria
45%
1 Hellas Verona
42%
1 Cagliari
32%
7 Pro Vercelli
16%
1 Spezia
10%
1 Casale
6%
1 USD Novese
3%
Nie znaleziono quizów pasujących do podanych kryteriów
Rozkład punktacji
Procent ludzi z każdym wynikiem
Percentyl według liczby udzielonych odpowiedzi
Twoja historia wyników
Nie rozwiązałeś tego quizu